| 000 | 01825nam a22002537a 4500 | ||
|---|---|---|---|
| 008 | 260421b |||||||| |||| 00| 0 ukr d | ||
| 020 |
_a5-11-004783-9 _c17.00 |
||
| 040 | _bукр. | ||
| 041 |
_2ukr _aukr |
||
| 080 | _a338:336(075) | ||
| 090 |
_a338:336(075) _bГ 17 |
||
| 100 | _aГальчинський, Анатолій | ||
| 245 |
_aОснови економічних знань. _cРедактор В. В. Півень _hТекст |
||
| 260 |
_aКиїв _bВища школа _c1998 |
||
| 300 |
_a544 с. _bІл. _fВ опр. |
||
| 520 | _aУ навчальному посібнику в науково-популярній формі викладено найновітніші досягнення світової економічної науки та сучасної практики перехідного періоду в Україні. Це курс, що вивчається в університетах по всьому світу. Він допомагає зрозуміти економічні процеси, як-от інфляція, безробіття, державний бюджет, та прийняти обґрунтовані рішення щодо роботи та бізнесу. Вивчає теми економічного розвитку, функціонування підприємств, податків та банківської системи. | ||
| 521 | _aДля широкого кола читачів | ||
| 546 | _aукр. | ||
| 650 | _aНавчальне видання | ||
| 653 |
_aРозвиток економічної теорії. _aРинок. _aВиробництво. _aПоділ праці. |
||
| 655 |
_aЕкономіка _vНавчальний посібник |
||
| 700 | _aЄщенко П.С, Палкін Ю.І | ||
| 942 |
_2udc _cBK |
||
| 999 |
_c17415 _d17415 |
||